Sports Quiz

Random Sports or Auto Racing Quiz
Score 0/151 Timer 06:00
12 Plays Today
% Correct
Jimmie Johnson
94.5%
Jimmie Johnson
94.5%
Jimmie Johnson
94.5%
Jimmie Johnson
94.5%
Jimmie Johnson
94.5%
Jimmie Johnson
94.5%
Jimmie Johnson
94.5%
Jimmie Johnson
94.5%
Jeff Gordon
94.1%
Jeff Gordon
94.1%
Jeff Gordon
94.1%
Jeff Gordon
94.1%
Jeff Gordon
94.1%
Jeff Gordon
94.1%
Jeff Gordon
94.1%
Jeff Gordon
94.1%
Jeff Gordon
94.1%
Dale Earnhardt, Jr.
93.5%
Dale Earnhardt, Jr.
93.5%
Dale Earnhardt, Jr.
93.5%
Dale Earnhardt, Jr.
93.5%
Dale Earnhardt, Jr.
93.5%
Dale Earnhardt, Jr.
93.5%
Dale Earnhardt, Jr.
93.5%
Dale Earnhardt, Jr.
93.5%
Dale Earnhardt
92.7%
Robby Gordon
89.9%
Robby Gordon
89.9%
Tony Stewart
87.1%
Tony Stewart
87.1%
Tony Stewart
87.1%
Tony Stewart
87.1%
Tony Stewart
87.1%
Tony Stewart
87.1%
Tony Stewart
87.1%
Tony Stewart
87.1%
Tony Stewart
87.1%
Tony Stewart
87.1%
Kyle Busch
86%
Kyle Busch
86%
Kyle Busch
86%
Kyle Busch
86%
Kyle Busch
86%
Kurt Busch
85.7%
Kurt Busch
85.7%
Kurt Busch
85.7%
Kurt Busch
85.7%
Kurt Busch
85.7%
Kurt Busch
85.7%
Kurt Busch
85.7%
Kurt Busch
85.7%
% Correct
Matt Kenseth
75.7%
Matt Kenseth
75.7%
Matt Kenseth
75.7%
Matt Kenseth
75.7%
Matt Kenseth
75.7%
Matt Kenseth
75.7%
Matt Kenseth
75.7%
Matt Kenseth
75.7%
Mark Martin
75.6%
Mark Martin
75.6%
Mark Martin
75.6%
Mark Martin
75.6%
Mark Martin
75.6%
Kevin Harvick
74.7%
Kevin Harvick
74.7%
Kevin Harvick
74.7%
Kevin Harvick
74.7%
Kevin Harvick
74.7%
Kevin Harvick
74.7%
Carl Edwards
71.9%
Carl Edwards
71.9%
Carl Edwards
71.9%
Bobby Labonte
71%
Bobby Labonte
71%
Bobby Labonte
71%
Bobby Labonte
71%
Terry Labonte
70.3%
Michael Waltrip
69.5%
Michael Waltrip
69.5%
Michael Waltrip
69.5%
Rusty Wallace
67.6%
Rusty Wallace
67.6%
Rusty Wallace
67.6%
Ryan Newman
65.7%
Ryan Newman
65.7%
Ryan Newman
65.7%
Ryan Newman
65.7%
Ryan Newman
65.7%
Kasey Kahne
65.2%
Kasey Kahne
65.2%
Kasey Kahne
65.2%
Kasey Kahne
65.2%
Denny Hamlin
63.2%
Denny Hamlin
63.2%
Denny Hamlin
63.2%
Denny Hamlin
63.2%
Dale Jarrett
62.8%
Dale Jarrett
62.8%
Dale Jarrett
62.8%
Dale Jarrett
62.8%
Dale Jarrett
62.8%
% Correct
Jeff Burton
61%
Jeff Burton
61%
Jeff Burton
61%
Jeff Burton
61%
Jeff Burton
61%
Greg Biffle
60.6%
Greg Biffle
60.6%
Greg Biffle
60.6%
Greg Biffle
60.6%
Greg Biffle
60.6%
Greg Biffle
60.6%
Ward Burton
60.1%
Ward Burton
60.1%
Ward Burton
60.1%
Brad Keselowski
56.7%
Joey Logano
55.8%
Bill Elliott
54.8%
Bill Elliott
54.8%
Bill Elliott
54.8%
Jamie McMurray
54.3%
Jamie McMurray
54.3%
Jamie McMurray
54.3%
Martin Truex, Jr.
54.2%
Sterling Marlin
52.9%
Sterling Marlin
52.9%
Juan Pablo Montoya
50.6%
Ricky Rudd
46.7%
Ricky Rudd
46.7%
Clint Bowyer
45.5%
Clint Bowyer
45.5%
Casey Mears
44.6%
Jeremy Mayfield
44.2%
Jeremy Mayfield
44.2%
Jeremy Mayfield
44.2%
Elliott Sadler
44.1%
Elliott Sadler
44.1%
Steve Park
41.7%
Steve Park
41.7%
Brian Vickers
41.7%
Brian Vickers
41.7%
Joe Nemechek
38%
Joe Nemechek
38%
Joe Nemechek
38%
Ricky Craven
37%
Ricky Craven
37%
Johnny Benson
33.1%
Bobby Hamilton
30.7%
Jerry Nadeau
29.5%
David Reutimann
28.7%

You're not logged in!

Compare scores with friends on all Sporcle quizzes.
OR
Log In

Sporcle TV

Today on Sporcle TV


Watch our educational content, quiz creation guides, and fun videos on Sporcle TV.

Show Comments

Extras

Top Quizzes Today


Score Distribution

Paid Content

Your Account Isn't Verified!

In order to create a playlist on Sporcle, you need to verify the email address you used during registration. Go to your Sporcle Settings to finish the process.

Report this User

Report this user for behavior that violates our Community Guidelines.

Details: